Swiss Canton Flags - Statistics

General Stats
  • This quiz has been taken 202 times
  • The average score is 20 of 26
Answer Stats
Picture Answer % Correct
Bern
91%
Zürich
86%
Aargau
84%
Geneva
83%
Uri
82%
Grisons
80%
Ticino
80%
Valais
80%
St. Gallen
79%
Luzern
78%
Schwyz
78%
Zug
78%
Appenzell Ausserrhoden
77%
Appenzell Innerrhoden
77%
Basel-Stadt
77%
Glarus
77%
Vaud
77%
Fribourg
76%
Jura
73%
Nidwalden
72%
Obwalden
71%
Neuchâtel
70%
Schaffhausen
70%
Solothurn
69%
Thurgau
68%
Basel-Landschaft
66%
No matching quizzes found
Score Distribution
Percent of People with Each Score
Percentile by Number Answered
Your Score History
You have not taken this quiz